| 000 | 00901nam a2200265Ia 4500 | ||
|---|---|---|---|
| 003 | OSt | ||
| 005 | 20220918171410.0 | ||
| 006 | a|||||r|||| 00| 0 | ||
| 007 | ta | ||
| 008 | 220917b |||||||| |||| 00| 0 eng d | ||
| 020 |
_a9781626376243 (hbk) _cUSD 78.00 |
||
| 024 | _a329,692 | ||
| 037 |
_b54286, 16/02/2018, Segment Book Distributors _cTextual |
||
| 040 |
_aARTS _cARTS _beng |
||
| 041 |
_2eng _aeng |
||
| 082 | _aMV41.6, Q7 | ||
| 100 |
_aBoas Morten Ed. _936359 |
||
| 245 | 0 |
_aAfrica's insurgents _b navigation an envolving landscape |
|
| 260 |
_aColorado _bLynne Riemer Publisher USA _c2017 |
||
| 300 |
_avi,283p. _ccm. |
||
| 650 |
_aAFRICA - HISTORY; MILITARY ART AND SCIENCE _936360 |
||
| 700 |
_a Dunn Kevin C. Ed. _916152 |
||
| 942 |
_hMV41.6, Q7 _cTEXL _2CC |
||
| 999 |
_c139411 _d139411 |
||